| 000 | 00793nam a2200217Ia 4500 | ||
|---|---|---|---|
| 003 | GCL | ||
| 008 | 140319s9999 xx 000 0 ara d | ||
| 040 |
_aGCL / _cGCL |
||
| 082 | 0 | 4 |
_a375.001 _bح ا |
| 100 | 1 | _aحسام محمد مازن | |
| 245 | 1 | 0 |
_aاتجاهات عصرية فى تكنولوجيا تطوير المناهج والتربية العلمية / _cحسام محمد مازن |
| 260 |
_aالقاهرة : _bمكتبة النهضة المصرية ، _c2006 |
||
| 300 |
_a699 ص ؛ _c24 سم |
||
| 650 | 0 | 4 | _aالمناهج |
| 650 | 0 | 4 | _aالتخطيط التربوى |
| 650 | 0 | 4 | _aالتعليم - مناهج |
| 650 | 0 | 4 | _aالتعليم - اغراضه واهدافه |
| 650 | 0 | 4 | _aالمناهج - تخطيط |
| 650 | 0 | 4 | _aالتعليم - تطوير |
| 942 |
_2ddc _cBK |
||
| 999 |
_c7876 _d7876 |
||